| 000 | 00361nam a22001217a 4500 | ||
|---|---|---|---|
| 999 |
_c9520 _d9520 |
||
| 003 | OSt | ||
| 008 | 201203b ||||| |||| 00| 0 eng d | ||
| 245 | _aSadhana Academy Proceedings in Engineering Sciences | ||
| 250 | _a2014(Jun Vol.39 No.3, Aug Vol.39 No.4, Oct Vol.39 No.5) | ||
| 260 |
_aBengaluru _bSpringer |
||
| 650 | _aMechanical Engineering | ||
| 942 |
_2ddc _cBV |
||